Top Egg Consuming Countries - Statistics

General Stats
  • This quiz has been taken 65 times
  • The average score is 13 of 20
Answer Stats
kilograms country % Correct
13.9 United States
100%
18.5 China
95%
12.8 Germany
89%
18.9 Japan
87%
12.5 France
85%
15.2 Russia
82%
13.9 Spain
79%
17.7 Mexico
72%
13.6 Austria
67%
13.7 Belgium
67%
18 Ukraine
67%
15.3 Denmark
62%
13 Czech Republic
57%
15.7 Netherlands
57%
16.4 Belarus
51%
13.1 Hungary
51%
13.1 Romania
51%
14 Latvia
44%
13.1 Lithuania
43%
13.8 Malaysia
31%
No matching quizzes found
Score Distribution
Percent of People with Each Score
Percentile by Number Answered
Your Score History
You have not taken this quiz